000 01415cam a22003134i 4500
999 _c34429
_d34429
001 3799
003 CO-MdFUSB
005 20181109125837.0
008 180314t1965 xxu||||| |||| 00| 0 eng d
020 _a085111878X
040 _aCO-MdFUSB
_bspa
_cCO-MdFUSB
_dCO-MdFUSBC
_erda
041 0 _aeng
082 0 4 _aG 227.4
_223
_bC6891g
100 1 _aCole, R. Alan (1923-)
_eautor
245 1 4 _aThe Epistle of Paul to the Galatians
_b: An Intruduction and commentary
_c / R. A. Cole
264 4 _aGrand Rapids, MI., USA :
_bEerdmans,
_c©1965
300 _a188 Pag
_c;
336 _2rdacontent
_atexto
_btxt
337 _2rdamedia
_asin mediación
_bn
338 _2rdacarrier
_avolumen
_bnc
490 _aTyndale New Testament Commentaries
504 _aPrefacio general -- Prefacio del autor -- Prefacio de la segunda edición -- Abreviaturas principales -- Introducción -- ¿Quiénes fueron los gálatas? -- ¿Porqué fue escrita la carta a los gálatas? -- ¿Cuándo fue escrita la carta a los gálatas? -- ¿Porqué los gálatas cayeron tan pronto? -- La validez del argumento de Pablo a partir de los problemas importantes de experiencia en la carta -- Análisis -- Comentario -- Notas adicionales
563 _aTapa rústica
630 0 7 _aBiblia.
_pGalatas
653 _aBiblia N.T. - Gálatas - Comentarios
700 _91438
_aMorris, Leon
_eeditor general
942 _cBK